LEADER 00831nam0-22002771i-450- 001 990003985720403321 005 20031210134538.0 035 $a000398572 035 $aFED01000398572 035 $a(Aleph)000398572FED01 035 $a000398572 100 $a20030922d--------km-y0itay50------ba 101 0 $aeng 200 1 $aThird international symposium on the aerodynamics and ventilation of vehicles tunnels 210 $aCranfield$cBHRA$d1979 610 0 $atunnel 610 0 $aventilazione 676 $a624'.19 801 0$aIT$bUNINA$gRICA$2UNIMARC 901 $aBK 912 $a990003985720403321 952 $a00 E1385(1/2)$b2663$fDETEC 952 $a00 E1385(2/2)$b2663$fDETEC 959 $aDETEC 996 $aThird international symposium on the aerodynamics and ventilation of vehicles tunnels$9474106 997 $aUNINA LEADER 01466nam1 22003253i 450 001 SUN0082279 005 20180628115858.502 010 $d0.00 100 $a20110301d1989 |0itac50 ba 101 $aita 102 $aIT 105 $a|||| ||||| 200 1 $a*Ecologia$eatti del terzo Congresso nazionale della Società italiana di ecologia, unitamente alla Société française d'ecologie$fa cura di Giuseppe Montalenti, Aristeo Renzoni, Aldo Anelli 210 $aParma$cZara$d1989 215 $a2 volumi$d30 cm. 410 1$1001SUN0082266$12001 $aS.IT.E. Atti$v7$1210 $aParma$cZara. 463 \1$1001SUN0082281$12001 $a*Ecologia$eatti del terzo Congresso nazionale della Società italiana di ecologia, unitamente alla Société française d'ecologie 1 463 \1$1001SUN0082283$12001 $a*Ecologia$eatti del terzo Congresso nazionale della Società italiana di ecologia, unitamente alla Société française d'ecologie 2 620 $dParma$3SUNL000121 702 1$aMontalenti$b, Giuseppe$3SUNV011670 702 1$aAnelli$b, Aldo$3SUNV017363 702 1$aRenzoni$b, Aristeo$3SUNV068151 712 02$aSocietà italiana di ecologia$3SUNV017366 712 $aZara$3SUNV002594$4650 791 02$aSocieta italiana di ecologia$zSocietà italiana di ecologia$3SUNV055229 791 02$aS.It.E$zSocietà italiana di ecologia$3SUNV068144 801 $aIT$bSOL$c20181109$gRICA 912 $aSUN0082279 996 $aEcology$959519 997 $aUNICAMPANIA